Obrana mieru a socialistickej vlasti a aktuálne problémy ideologického boja študijná obsahovometodická pomôcka

Bibliographic Details
Main Author: Matouš, Milan (Author)
Format: Book
Language:Slovak
Published: Praha Horizont 1988
Subjects:

MARC

LEADER 00000nam a2200000 a 4500
001 vtls001326457
003 SK-MaSNL
005 20260301095424.0
008 240318s1988 xr 0 slo
035 |a SNK000279234 
040 |a SNK  |b slo  |c SNK  |e AACR2 
041 0 |a slo 
044 |a CZ 
080 |a 327.36  |2 1981 
080 |a 301.152.4(100-664:100-662)  |2 1981 
100 1 |a Matouš, Milan  |4 aut  |9 6132 
245 1 0 |a Obrana mieru a socialistickej vlasti a aktuálne problémy ideologického boja  |b študijná obsahovometodická pomôcka  |c Milan Matouš ; z čes. rukopisného orig. přel. Marta Suchánková 
260 |a Praha  |b Horizont  |c 1988 
300 |a 50, [2] s.  |c 8° 
650 0 7 |a mier  |x boj za mier  |x brožúry  |2 SNK  |9 385776 
650 0 7 |a boj ideologický  |x brožúry  |2 SNK  |9 384175 
958 |a RK 
958 |a OND 
999 |c 683064  |d 684994 
952 |t P60, <03>, [BOOK], {603}  |a SNK  |b SNK  |y PREZ  |7 0  |p 17A0967134  |o snkSC 73473  |i snkKIP 255/89  |0 0  |1 0  |4 0  |d 1998-03-31  |l 0  |r 2025-07-29 00:00:00  |w 2026-02-23